00414nam a2200169Ia 4500003000400000005001700004008004100021040000700062041000800069082001900077100001800096245004100114260004500155300001300200365001300213650001800226OSt20230424112903.0210423s1996 xx 000 0 und d cAL aeng a660.60581 CHAH aCHAWLA (H S). aIntroduction to plant biotechnology. aNew DelhibOxford University Pressc1996 axxiv,538 b275cINR aBiotechnology